Errate den Club anhand von Hinweisen - Statistiken

Allgemein
  • Dieses Quiz wurde 106 mal gespielt
  • Das Durchschnittsergebnis liegt bei 26 aus 30
Antwortstatistiken
Tipp Verein % Korrekt
Leverkusen, BayArena, Michael Ballack Bayer Leverkusen
100%
Barcelona, Camp Nou, Lionel Messi FC Barcelona
98%
Dortmund, Signal-Iduna-Park, Marco Reus Borussia Dortmund
95%
Mailand, Giuseppe-Meazza-Stadion, Paolo Maldini AC Mailand
92%
Turin, Juventus Stadium, Alessandro Del Piero Juventus Turin
92%
Frankfurt, Deutsche Bank Park, Jürgen Grabowski Eintracht Frankfurt
91%
Porto, Estadio do Dragao, Deco FC Porto
91%
Amsterdam, Johan-Cruyff-Arena, Johan Cruyff Ajax Amsterdam
90%
München, Allianz-Arena, Franz Beckenbauer FC Bayern München
89%
London, Stamford Bridge, Frank Lampard FC Chelsea
89%
Leipzig, Red Bull Arena, Timo Werner RB Leipzig
89%
Madrid, Estadio Metropolitano, Fernando Torres Atletico Madrid
87%
Madrid, Estadio Santiago Bernabeu, Cristiano Ronaldo Real Madrid
87%
Liverpool, Anfield Stadium, Steven Gerrard FC Liverpool
86%
Manchester, Etihad Stadium, Sergio Agüero Manchester City
86%
Manchester, Old Trafford, Sir Bobby Charlton Manchester United
85%
Rom, Olympiastadion, Francesco Totti AS Rom
83%
Sevilla, Estadio Ramon Sanchez Pizjuan, Davor Suker FC Sevilla
83%
Mailand, Giuseppe-Meazza-Stadion, Javier Zanetti Inter Mailand
83%
Marseille, Stade Velodrome, Didier Drogba Olympique Marseille
83%
Paris, Parc des Princes, Zlatan Ibrahimovic Paris Saint-Germain
83%
Glasgow, Celtic Park, Henrik Larsson Celtic Glasgow
82%
London, Emirates Stadium, Thierry Henry FC Arsenal
82%
Lissabon, Estadio Jose Alvalade XXI, Cristiano Ronaldo Sporting Lissabon
82%
Lodnon, Tottenham Hotspur Stadium, Harry Kane Tottenham Hotspur
82%
Neapel, Stadio Diego Armando Maradona, Diego Maradona SSC Neapel
79%
Lissabon, Estadio da Luz, Eusebio Benfica Lissabon
77%
Istanbul, Rams Park, Hakan Sükür Galatasaray Istanbul
76%
Rom, Olympiastadion, Silvio Piola Lazio Rom
76%
Villareal, Estadio de la Ceramica, Juan Roman Riquelme Villareal CF
76%
Keine übereinstimmenden Quizze gefunden
Verteilung der Resultate
Anzahl Personen mit jedem Resultat
Perzentil nach korrekt beantworteten Fragen
Ihre Resultats-Entwicklung
Sie haben dieses Quiz noch nicht gespielt